<?xml version="1.0" encoding="UTF-8"?>
<record
    xmlns:xsi="http://www.w3.org/2001/XMLSchema-instance"
    xsi:schemaLocation="http://www.loc.gov/MARC21/slim http://www.loc.gov/standards/marcxml/schema/MARC21slim.xsd"
    xmlns="http://www.loc.gov/MARC21/slim">

  <leader>00333nam a2200157Ia 4500</leader>
  <controlfield tag="003">OSt</controlfield>
  <controlfield tag="008">191201s2019    xx            000 0 und d</controlfield>
  <datafield tag="082" ind1=" " ind2=" ">
    <subfield code="a">658</subfield>
    <subfield code="b">TRP</subfield>
  </datafield>
  <datafield tag="100" ind1=" " ind2=" ">
    <subfield code="a">TRIPATHI, P C</subfield>
  </datafield>
  <datafield tag="245" ind1=" " ind2="0">
    <subfield code="a">Principles of Management</subfield>
  </datafield>
  <datafield tag="250" ind1=" " ind2=" ">
    <subfield code="a">5th</subfield>
  </datafield>
  <datafield tag="260" ind1=" " ind2=" ">
    <subfield code="a">New Delhi</subfield>
    <subfield code="b">TMH</subfield>
  </datafield>
  <datafield tag="300" ind1=" " ind2=" ">
    <subfield code="a">454</subfield>
  </datafield>
  <datafield tag="650" ind1=" " ind2=" ">
    <subfield code="a">MBA</subfield>
  </datafield>
  <datafield tag="942" ind1=" " ind2=" ">
    <subfield code="2">ddc</subfield>
    <subfield code="c">BK</subfield>
  </datafield>
  <datafield tag="999" ind1=" " ind2=" ">
    <subfield code="c">5378</subfield>
    <subfield code="d">5378</subfield>
  </datafield>
  <datafield tag="952" ind1=" " ind2=" ">
    <subfield code="0">0</subfield>
    <subfield code="1">0</subfield>
    <subfield code="2">ddc</subfield>
    <subfield code="4">0</subfield>
    <subfield code="7">0</subfield>
    <subfield code="8">MBA</subfield>
    <subfield code="a">PIET</subfield>
    <subfield code="b">PIET</subfield>
    <subfield code="d">2012-07-16</subfield>
    <subfield code="e">IBH, New Delhi</subfield>
    <subfield code="g">375.00</subfield>
    <subfield code="k">5677</subfield>
    <subfield code="l">0</subfield>
    <subfield code="o">658 TRP</subfield>
    <subfield code="p">20224</subfield>
    <subfield code="r">2019-12-04 00:00:00</subfield>
    <subfield code="w">2012-07-14</subfield>
    <subfield code="y">BK</subfield>
  </datafield>
  <datafield tag="952" ind1=" " ind2=" ">
    <subfield code="0">0</subfield>
    <subfield code="1">0</subfield>
    <subfield code="2">ddc</subfield>
    <subfield code="4">0</subfield>
    <subfield code="7">0</subfield>
    <subfield code="8">MBA</subfield>
    <subfield code="a">PIET</subfield>
    <subfield code="b">PIET</subfield>
    <subfield code="d">2012-07-16</subfield>
    <subfield code="e">IBH, New Delhi</subfield>
    <subfield code="g">375.00</subfield>
    <subfield code="k">5677</subfield>
    <subfield code="l">2</subfield>
    <subfield code="o">658 TRP</subfield>
    <subfield code="p">20225</subfield>
    <subfield code="r">2020-12-07 00:00:00</subfield>
    <subfield code="s">2020-03-05</subfield>
    <subfield code="w">2012-07-14</subfield>
    <subfield code="y">BK</subfield>
  </datafield>
  <datafield tag="952" ind1=" " ind2=" ">
    <subfield code="0">0</subfield>
    <subfield code="1">0</subfield>
    <subfield code="2">ddc</subfield>
    <subfield code="4">0</subfield>
    <subfield code="7">0</subfield>
    <subfield code="8">MBA</subfield>
    <subfield code="a">PIET</subfield>
    <subfield code="b">PIET</subfield>
    <subfield code="d">2012-07-16</subfield>
    <subfield code="e">IBH, New Delhi</subfield>
    <subfield code="g">375.00</subfield>
    <subfield code="k">5677</subfield>
    <subfield code="l">4</subfield>
    <subfield code="o">658 TRP</subfield>
    <subfield code="p">20226</subfield>
    <subfield code="r">2024-01-29 00:00:00</subfield>
    <subfield code="s">2024-01-15</subfield>
    <subfield code="w">2012-07-14</subfield>
    <subfield code="y">BK</subfield>
  </datafield>
  <datafield tag="952" ind1=" " ind2=" ">
    <subfield code="0">0</subfield>
    <subfield code="1">0</subfield>
    <subfield code="2">ddc</subfield>
    <subfield code="4">0</subfield>
    <subfield code="7">0</subfield>
    <subfield code="8">MBA</subfield>
    <subfield code="a">PIET</subfield>
    <subfield code="b">PIET</subfield>
    <subfield code="d">2012-07-16</subfield>
    <subfield code="e">IBH, New Delhi</subfield>
    <subfield code="g">375.00</subfield>
    <subfield code="k">5677</subfield>
    <subfield code="l">2</subfield>
    <subfield code="o">658 TRP</subfield>
    <subfield code="p">20227</subfield>
    <subfield code="q">2020-11-20</subfield>
    <subfield code="r">2020-11-06 00:00:00</subfield>
    <subfield code="s">2020-11-06</subfield>
    <subfield code="w">2012-07-14</subfield>
    <subfield code="y">BK</subfield>
  </datafield>
  <datafield tag="952" ind1=" " ind2=" ">
    <subfield code="0">0</subfield>
    <subfield code="1">0</subfield>
    <subfield code="2">ddc</subfield>
    <subfield code="4">0</subfield>
    <subfield code="7">0</subfield>
    <subfield code="8">MBA</subfield>
    <subfield code="a">PIET</subfield>
    <subfield code="b">PIET</subfield>
    <subfield code="d">2012-07-16</subfield>
    <subfield code="e">IBH, New Delhi</subfield>
    <subfield code="g">375.00</subfield>
    <subfield code="k">5677</subfield>
    <subfield code="l">3</subfield>
    <subfield code="o">658 TRP</subfield>
    <subfield code="p">20228</subfield>
    <subfield code="r">2023-09-18 00:00:00</subfield>
    <subfield code="s">2023-09-15</subfield>
    <subfield code="w">2012-07-14</subfield>
    <subfield code="y">BK</subfield>
  </datafield>
  <datafield tag="952" ind1=" " ind2=" ">
    <subfield code="0">0</subfield>
    <subfield code="1">0</subfield>
    <subfield code="2">ddc</subfield>
    <subfield code="4">0</subfield>
    <subfield code="7">0</subfield>
    <subfield code="8">MBA</subfield>
    <subfield code="a">PIET</subfield>
    <subfield code="b">PIET</subfield>
    <subfield code="d">2012-09-07</subfield>
    <subfield code="e">IBH, New Delhi</subfield>
    <subfield code="g">375.00</subfield>
    <subfield code="k">10250</subfield>
    <subfield code="l">2</subfield>
    <subfield code="o">658 TRP</subfield>
    <subfield code="p">20957</subfield>
    <subfield code="r">2025-12-19 00:00:00</subfield>
    <subfield code="s">2025-08-25</subfield>
    <subfield code="w">2012-09-04</subfield>
    <subfield code="y">BK</subfield>
  </datafield>
  <datafield tag="952" ind1=" " ind2=" ">
    <subfield code="0">0</subfield>
    <subfield code="1">0</subfield>
    <subfield code="2">ddc</subfield>
    <subfield code="4">0</subfield>
    <subfield code="7">0</subfield>
    <subfield code="8">MBA</subfield>
    <subfield code="a">PIET</subfield>
    <subfield code="b">PIET</subfield>
    <subfield code="d">2012-09-07</subfield>
    <subfield code="e">IBH, New Delhi</subfield>
    <subfield code="g">375.00</subfield>
    <subfield code="k">10250</subfield>
    <subfield code="l">1</subfield>
    <subfield code="o">658 TRP</subfield>
    <subfield code="p">20958</subfield>
    <subfield code="r">2020-03-05 00:00:00</subfield>
    <subfield code="s">2020-02-12</subfield>
    <subfield code="w">2012-09-04</subfield>
    <subfield code="y">BK</subfield>
  </datafield>
</record>
